000 00322nam a2200133Ia 4500
008 190216s9999||||xx |||||||||||||| ||und||
100 _aTewari. Kk
245 0 _aElectricity And Magnetism With Electronics
250 _a2nd Ed.
260 _bSudha Pubs Pvt Ltd
_c1988
300 _a922
650 _aPhysics
942 _cBK
999 _c33134
_d33134